000 00503nam a2200193Ia 4500
005 20250326142346.0
008 250326s9999 xx 000 0 und d
037 _aTextbook
040 _aFMSL
_beng
_cFMSL
041 _aeng
_2eng
084 _qFMSL
100 _aStern L W
_9744060
245 0 _aMarketing channels
_cStern L W; El-ansary A I
250 _aEd 4
260 _aNew Delhi
_bNew Delhi, Prentice Hall of India
_c1992
300 _a637p
942 _cTB
999 _c1294648
_d1294648